LEADER 01293nam a22003371 4500
001 c000047316
003 CARM
005 00000000000000.0
008 710521s1968 enk b 000 0 eng
010 |a 68133497 //r964 
015 |a B68-14679 
019 1 |a 23842929  |z 27263  |z 26383211  |5 LACONCORD2021 
020 |a 0521095026 
035 |a (OCoLC)2616348  |5 LACONCORD2021 
050 0 0 |a PR2835.A2  |b W55 1968 
082 0 0 |a 822.3/3 
100 1 |a Shakespeare, William,  |d 1564-1616. 
245 1 0 |a Titus Andronicus. 
260 |a London,  |b Cambridge U.P.,  |c 1968. 
300 |a lxxii, 171 p.  |c 21 cm. 
490 0 |a The Works of Shakespeare, edited for the syndics of the Cambridge University Press 
490 0 |a The New Shakespeare 
504 |a Bibliographical references included in "Notes" (p. 98-157) 
650 0 |a Andronicus, Titus (Legendary character)  |x Drama. 
650 0 |a Goths  |z Italy  |x History  |x Drama. 
650 0 |a Generals  |z Rome  |x Drama. 
651 0 |a Rome  |x History  |y Germanic invasions, 3rd-6th centuries  |x Drama. 
655 7 |a Tragedies.  |2 gsafd 
852 8 |b CARM  |h A2:AB20C0  |i B02544  |p 0011809  |f BK 
999 f f |i fab553c2-c5bf-55ca-8f1e-3434a28d1108  |s 17ffe0e1-2a4f-5a92-85ec-7b33f2a2735a 
952 f f |p Can circulate  |a CAVAL  |b CAVAL  |c CAVAL  |d CARM 1 Store  |e B02544  |f A2:AB20C0  |h Other scheme  |i book  |m 0011809